Editorially speaking: (Record no. 13028)

000 -LEADER
fixed length control field 00783nam a2200205 a 4500
001 - CONTROL NUMBER
control field :::00010846$&:&@@
003 - CONTROL NUMBER IDENTIFIER
control field OkBaRHE
005 - DATE AND TIME OF LATEST TRANSACTION
control field 20000607103403.0
008 - FIXED-LENGTH DATA ELEMENTS--GENERAL INFORMATION
fixed length control field s1975 j 000 0 eng u
020 ## - INTERNATIONAL STANDARD BOOK NUMBER
International Standard Book Number 0871483009 (v. 1)
040 ## - CATALOGING SOURCE
Transcribing agency
100 1# - MAIN ENTRY--PERSONAL NAME
Personal name Polen, O. W.
245 10 - TITLE STATEMENT
Title Editorially speaking:
Remainder of title a selection of twelve choice editorials on subjects of special interest.
260 ## - PUBLICATION, DISTRIBUTION, ETC. (IMPRINT)
Place of publication, distribution, etc Cleveland, TN., :
Name of publisher, distributor, etc Pathway Press
Date of publication, distribution, etc c1975
300 ## - PHYSICAL DESCRIPTION
Extent v. <1-2> : illus. ;
Dimensions 21 cm.
650 ## - SUBJECT ADDED ENTRY--TOPICAL TERM
Topical term or geographic name as entry element Christian Life
General subdivision Church of God Authors
942 ## - ADDED ENTRY ELEMENTS (KOHA)
Source of classification or shelving scheme
Koha item type Books
Copies
Barcode Source of classification or shelving scheme Damaged status Withdrawn status Not for loan Permanent Location Shelving location Copy number Koha item type Date acquired Full call number Price effective from Date last seen Lost status
10846    RHEMA Bible Training CollegeGeneral Stacks1Books2010-04-14BV 4501.2 .P55562010-04-142010-04-14 
15081    RHEMA Bible Training CollegeGeneral Stacks2Books2010-04-14BV 4501.2 .P55562010-04-142010-04-14